சிங்கள அாிச்சுவடி /

Saved in:
Bibliographic Details
Format: Book
Language:English
Tamil
Published: கொழும்பு: லோயல் பப்ளிகேஷன்;
Subjects:
Tags: Add Tag
No Tags, Be the first to tag this record!

MARC

LEADER 00000nam a22000007a 4500
005 20260411133219.0
008 260411b |||||||| |||| 00| 0 eng d
041 |a tam 
082 |a 491.4811  |b சிங்க 
245 |a சிங்கள அாிச்சுவடி / 
260 |a கொழும்பு:  |b லோயல் பப்ளிகேஷன்; 
300 |a 7 பக்.  |c 29.5 Cm. 
650 |a This specific extension is used for the writing system, phonology, and the alphabet of the Sinhala language.  |9 117298 
942 |c BK 
999 |c 71323  |d 71323